[Event "WchT Seniors 65"]
[Site "Krakow"]
[Date "2024.07.06"]
[Round "5.4"]
[White "Algars, Olle"]
[Black "Schulz, Michael"]
[Result "0-1"]
[WhiteElo "1883"]
[BlackElo "2109"]
[PlyCount "78"]
[EventDate "2024.07.02"]
[EventType "team-swiss"]
[EventRounds "9"]
[EventCountry "POL"]
[SourceTitle "CBM 221 Extra"]
[Source "ChessBase"]
[SourceDate "2024.09.30"]
[SourceVersion "1"]
[SourceVersionDate "2024.09.30"]
[SourceQuality "1"]
[WhiteTeam "Sweden 65"]
[BlackTeam "Germany Mittel 65"]
[WhiteTeamCountry "SWE"]
[BlackTeamCountry "GER"]

1. c4 e5 2. Nf3 e4 3. Nd4 c5 4. Nc2 Nc6 5. Nc3 Nf6 6. g3 Bd6 7. Bg2 Qe7 8. Ne3 g6 9. Qc2 Nd4 10. Qb1 0-0 11. Nxe4 Nxe4 12. Qxe4 Qxe4 13. Bxe4 f5 14. Bd5+ Kg7 15. f4 Rb8 16. b3 Be7 17. Rb1 Bf6 18. Bb2 Re8 19. Kd1 a6 20. Re1 b5 21. g4 Ne6 22. Bxf6+ Kxf6 23. g5+ Kg7 24. Rf1 Nd4 25. Rf2 Bb7 26. Rc1 d6 27. Bxb7 Rxb7 28. Nd5 h6 29. gxh6+ Kf7 30. Rc3 Rh8 31. Rh3 bxc4 32. e3 cxb3 33. axb3 Rxb3 34. Nc3 Nb5 35. Kc2 c4 36. Nd5 Na3+ 37. Kd1 Rd3 38. Nb6 c3 39. Kc1 c2 0-1

[Event "WchT Seniors 65"]
[Site "Krakow"]
[Date "2024.07.02"]
[Round "1.4"]
[White "Algars, Olle"]
[Black "Tsifanskaya, Ludmila A"]
[Result "1/2-1/2"]
[WhiteElo "1883"]
[BlackElo "1970"]
[PlyCount "53"]
[EventDate "2024.07.02"]
[EventType "team-swiss"]
[EventRounds "9"]
[EventCountry "POL"]
[SourceTitle "CBM 221 Extra"]
[Source "ChessBase"]
[SourceDate "2024.09.30"]
[SourceVersion "1"]
[SourceVersionDate "2024.09.30"]
[SourceQuality "1"]
[WhiteTeam "Sweden 65"]
[BlackTeam "Israel 65 II"]
[WhiteTeamCountry "SWE"]
[BlackTeamCountry "ISR"]

1. c4 c5 2. Nf3 Nc6 3. d4 cxd4 4. Nxd4 g6 5. e4 Bg7 6. Be3 Nf6 7. Nc3 d6 8. h3 Bd7 9. Rc1 0-0 10. Be2 Nxd4 11. Bxd4 Bc6 12. Qd3 a6 13. 0-0 b5 14. Rfd1 bxc4 15. Qxc4 Bb5 16. Nxb5 axb5 17. Qxb5 Rxa2 18. e5 dxe5 19. Bc5 Qa8 20. Ba3 Rxa3 21. bxa3 Qxa3 22. Qc5 Qxc5 23. Rxc5 Ne4 24. Rc7 Bf6 25. Bc4 Nd6 26. Bd5 Kg7 27. Ra1 1/2-1/2

[Event "Douglas IoM op-B"]
[Site "Douglas"]
[Date "2018.10.26"]
[Round "5"]
[White "Algars, Olle"]
[Black "Frank, Tena"]
[Result "1-0"]
[WhiteElo "2018"]
[BlackElo "1935"]
[PlyCount "97"]
[EventDate "2018.10.22"]
[EventType "swiss"]
[EventRounds "7"]
[EventCountry "IOM"]
[SourceTitle "CBM 187 Extra"]
[Source "ChessBase"]
[SourceDate "2018.11.04"]
[SourceVersion "1"]
[SourceVersionDate "2018.11.04"]
[SourceQuality "1"]

1. e4 c5 2. Nf3 e6 3. d4 cxd4 4. Nxd4 Nc6 5. Nc3 Qc7 6. Be3 a6 7. Qd2 b5 8. 0-0-0 Nf6 9. Nxc6 dxc6 10. f3 Be7 11. g4 0-0 12. g5 Nh5 13. f4 c5 14. Qf2 b4 15. Na4 c4 16. Nb6 b3 17. axb3 cxb3 18. Nxa8 Qa5 19. cxb3 Bb7 20. Nb6 Bxe4 21. Nc4 Qa2 22. Bd3 Bxd3 23. Rxd3 Qa1+ 24. Kc2 Qxh1 25. Rd7 Bb4 26. Qe2 Qe4+ 27. Qd3 Qg2+ 28. Kb1 Qxh2 29. Qd4 Ng3 30. Ne5 a5 31. Qa7 Qh5 32. Ka2 Nf5 33. Bb6 f6 34. gxf6 gxf6 35. Nc6 Qh1 36. Qb7 Kh8 37. Qc7 Bd2 38. Rxd2 a4 39. Rd8 axb3+ 40. Ka3 Qa1+ 41. Kxb3 Rxd8 42. Qxd8+ Kg7 43. Qd7+ Kg6 44. Qd3 Kg7 45. Nd8 Qe1 46. Bd4 Qg3 47. Nxe6+ Kg6 48. Kc4 h5 49. Nf8+ 1-0

[Event "WchT Seniors 65"]
[Site "Hersonissos"]
[Date "2017.05.01"]
[Round "8.1"]
[White "Algars, Olle"]
[Black "Renman, Nils Gustaf"]
[Result "0-1"]
[WhiteElo "1980"]
[BlackElo "2361"]
[PlyCount "74"]
[EventDate "2017.04.24"]
[EventType "team-swiss"]
[EventRounds "9"]
[EventCountry "GRE"]
[SourceTitle "CBM 178 Extra"]
[Source "ChessBase"]
[SourceDate "2017.06.22"]
[SourceVersion "1"]
[SourceVersionDate "2017.06.22"]
[SourceQuality "1"]
[WhiteTeam "Sweden III"]
[BlackTeam "Sweden"]
[WhiteTeamCountry "SWE"]
[BlackTeamCountry "SWE"]

1. e4 e6 2. d4 d5 3. e5 c5 4. c3 Nc6 5. Be3 Qb6 6. Qd2 Nh6 7. Bd3 Bd7 8. Nf3 cxd4 9. cxd4 Nb4 10. Be2 Bb5 11. Nc3 Bxe2 12. Qxe2 Nf5 13. 0-0 Be7 14. Rac1 Nc6 15. Qd3 Nxe3 16. fxe3 0-0 17. Ne2 Rac8 18. Nf4 g6 19. h4 Qxb2 20. Rb1 Qxa2 21. Rxb7 Qa3 22. Qe2 Rb8 23. Rxb8 Rxb8 24. Ng5 Bxg5 25. hxg5 Rb3 26. Nxd5 exd5 27. Qf3 Qe7 28. Qxd5 Qe6 29. Qe4 Ne7 30. Qa8+ Kg7 31. Rf6 Rb1+ 32. Kh2 Qg4 33. Qf3 Qh4+ 34. Qh3 Qxg5 35. Qd7 Qh4+ 36. Qh3 Qxh3+ 37. Kxh3 Rb6 0-1

[Event "Douglas IoM Major op"]
[Site "Douglas"]
[Date "2016.10.08"]
[Round "6"]
[White "Algars, Olle"]
[Black "Cross, Glenn"]
[Result "0-1"]
[WhiteElo "1933"]
[BlackElo "1879"]
[PlyCount "42"]
[EventDate "2016.10.03"]
[EventType "swiss"]
[EventRounds "7"]
[EventCountry "IOM"]
[SourceTitle "EXT 2019"]
[Source "ChessBase"]
[SourceDate "2018.10.10"]
[SourceVersion "1"]
[SourceVersionDate "2018.10.10"]
[SourceQuality "1"]

1. e4 c5 2. Nf3 d6 3. d4 cxd4 4. Nxd4 Nf6 5. Nc3 a6 6. Bg5 e6 7. f4 Be7 8. Qf3 Qc7 9. 0-0-0 b5 10. e5 Bb7 11. exd6 Bxd6 12. Qe2 Bxf4+ 13. Bxf4 Qxf4+ 14. Kb1 0-0 15. Nf3 Nc6 16. g3 Qc7 17. Bg2 Rfd8 18. Rde1 Rac8 19. Ne5 Nd4 20. Qf2 Bxg2 21. Qxg2 b4 0-1

[Event "Douglas IoM Major op"]
[Site "Douglas"]
[Date "2016.10.06"]
[Round "4"]
[White "Algars, Olle"]
[Black "Gostelow, David W"]
[Result "1-0"]
[WhiteElo "1933"]
[BlackElo "1970"]
[PlyCount "125"]
[EventDate "2016.10.03"]
[EventType "swiss"]
[EventRounds "7"]
[EventCountry "IOM"]
[SourceTitle "EXT 2019"]
[Source "ChessBase"]
[SourceDate "2018.10.10"]
[SourceVersion "1"]
[SourceVersionDate "2018.10.10"]
[SourceQuality "1"]

1. e4 c5 2. Nf3 Nc6 3. d4 cxd4 4. Nxd4 e5 5. Nb5 a6 6. Nd6+ Bxd6 7. Qxd6 Qf6 8. Qxf6 Nxf6 9. Nc3 Nb4 10. Bd3 h6 11. Be3 Nxd3+ 12. cxd3 d6 13. f3 Bd7 14. d4 Rc8 15. Kf2 Ke7 16. Rac1 b5 17. Ne2 Rxc1 18. Rxc1 Rc8 19. dxe5 dxe5 20. Bc5+ Ke6 21. b4 Ne8 22. Rd1 a5 23. a3 axb4 24. axb4 Ra8 25. Rd2 g6 26. g4 Bc6 27. Ng3 Ra3 28. Bf8 Rb3 29. h4 Rb1 30. Bc5 Rb3 31. g5 hxg5 32. hxg5 f5 33. gxf6 Kxf6 34. Nf1 Ra3 35. Ne3 Ke6 36. Nc2 Rc3 37. Ne3 Ra3 38. Kg3 Ra1 39. Ng2 Ra3 40. Kf2 Ra1 41. Ne1 Ra3 42. Ke2 Ra1 43. Nd3 Ra3 44. Kf2 Kf6 45. Kg2 Ke6 46. Be3 Kf6 47. Bc5 Ke6 48. Kf2 Kf6 49. Ke2 Ke6 50. Be3 Kf6 51. Nc5 Ra8 52. Kf2 Ra3 53. Ke2 Ra7 54. Bf2 Ra1 55. Bg3 Rg1 56. Kf2 Ra1 57. Nd3 Ra4 58. Nxe5 Ba8 59. Rd8 Nc7 60. Ng4+ Ke7 61. Bxc7 Bxe4 62. fxe4 Rxb4 63. Bd6+ 1-0

[Event "Douglas IoM Major op"]
[Site "Douglas"]
[Date "2016.10.04"]
[Round "2"]
[White "Algars, Olle"]
[Black "Miah, Zahed"]
[Result "0-1"]
[WhiteElo "1933"]
[BlackElo "1857"]
[PlyCount "70"]
[EventDate "2016.10.03"]
[EventType "swiss"]
[EventRounds "7"]
[EventCountry "IOM"]
[SourceTitle "EXT 2019"]
[Source "ChessBase"]
[SourceDate "2018.10.10"]
[SourceVersion "1"]
[SourceVersionDate "2018.10.10"]
[SourceQuality "1"]

1. Nf3 Nf6 2. c4 c5 3. g3 Nc6 4. d4 cxd4 5. Nxd4 Qb6 6. Nb5 a6 7. Be3 Qa5+ 8. Bd2 Qb6 9. Be3 Qa5+ 10. N5c3 d6 11. Bg2 Be6 12. b3 g6 13. 0-0 Bg7 14. Bd2 Qh5 15. e3 Bg4 16. f3 Bd7 17. a3 0-0 18. Ra2 Rfd8 19. Ne2 e5 20. e4 Be6 21. Qc1 Nd4 22. Nxd4 exd4 23. b4 g5 24. Bxg5 b5 25. Bxf6 Bxf6 26. Nd2 bxc4 27. Rc2 d3 28. Rxc4 Bxc4 29. Qxc4 Qb5 30. Qb3 Rac8 31. Bh3 Rc3 32. Qb2 Bg7 33. Nb1 Rc2 34. Qb3 Qb6+ 35. Kh1 Qe3 0-1

[Event "EU-chT Seniors"]
[Site "Vienna"]
[Date "2015.07.20"]
[Round "9.13"]
[White "Sukopp, Karl"]
[Black "Algars, Olle"]
[Result "1/2-1/2"]
[WhiteElo "1975"]
[BlackElo "1960"]
[PlyCount "39"]
[EventDate "2015.07.12"]
[EventType "team-swiss"]
[EventRounds "9"]
[EventCountry "AUT"]
[SourceTitle "EXT 2018"]
[Source "ChessBase"]
[SourceDate "2017.10.13"]
[SourceVersion "1"]
[SourceVersionDate "2017.10.13"]
[SourceQuality "1"]
[WhiteTeam "Niederoesterreich"]
[BlackTeam "Sweden II"]
[WhiteTeamCountry "AUT"]
[BlackTeamCountry "SWE"]

1. b4 a5 2. b5 d5 3. Bb2 c5 4. e3 Nf6 5. Nf3 Nbd7 6. c4 b6 7. d3 Qc7 8. Nbd2 e6 9. g3 Bb7 10. Bg2 Bd6 11. Qe2 Ne5 12. 0-0 0-0 13. Nxe5 Bxe5 14. d4 cxd4 15. exd4 Bd6 16. Rfc1 Qe7 17. a4 Rfc8 18. h3 Bb4 19. cxd5 Bxd5 20. Nc4 1/2-1/2

[Event "EU-chT Seniors"]
[Site "Vienna"]
[Date "2015.07.14"]
[Round "3.21"]
[White "Algars, Olle"]
[Black "Hasivar, Gerd"]
[Result "1/2-1/2"]
[WhiteElo "1960"]
[BlackElo "1888"]
[PlyCount "83"]
[EventDate "2015.07.12"]
[EventType "team-swiss"]
[EventRounds "9"]
[EventCountry "AUT"]
[SourceTitle "EXT 2018"]
[Source "ChessBase"]
[SourceDate "2017.10.13"]
[SourceVersion "1"]
[SourceVersionDate "2017.10.13"]
[SourceQuality "1"]
[WhiteTeam "Sweden II"]
[BlackTeam "DSW DBAG III"]
[WhiteTeamCountry "SWE"]
[BlackTeamCountry "GER"]

1. Nf3 d5 2. c4 e6 3. g3 Nf6 4. Bg2 c6 5. 0-0 Nbd7 6. cxd5 cxd5 7. d4 Bd6 8. Nc3 a6 9. Bf4 Nb6 10. Bxd6 Qxd6 11. Qd3 0-0 12. a4 Nc4 13. Rfb1 Qb4 14. b3 Na5 15. Nd2 Nc6 16. e3 Bd7 17. f4 Rac8 18. Rc1 Qb6 19. Na2 Rfd8 20. Rc3 Nb4 21. Nxb4 Rxc3 22. Qxc3 Rc8 23. Nc4 dxc4 24. bxc4 Qc7 25. c5 a5 26. Nc2 b6 27. Rc1 Bxa4 28. Ne1 b5 29. Qa3 Nd5 30. Bxd5 exd5 31. Nd3 Qe7 32. Nb2 b4 33. Qd3 Bc6 34. Ra1 Ra8 35. Na4 Qe8 36. Nb6 Ra7 37. Qb3 a4 38. Qxb4 Qxe3+ 39. Kg2 Qe2+ 40. Kg1 Qe3+ 41. Kg2 Qe4+ 42. Kg1 1/2-1/2

[Event "Gibraltar Challengers-B 13th"]
[Site "Caleta"]
[Date "2015.02.02"]
[Round "3"]
[White "Recklingloh, Frank"]
[Black "Algars, Olle"]
[Result "0-1"]
[WhiteElo "2133"]
[BlackElo "1960"]
[PlyCount "98"]
[EventDate "2015.01.31"]
[EventType "swiss"]
[EventRounds "5"]
[EventCountry "GGB"]
[SourceTitle "CBM 164 Extra"]
[Source "ChessBase"]
[SourceDate "2015.03.02"]
[SourceVersion "1"]
[SourceVersionDate "2015.03.02"]
[SourceQuality "1"]

1. e4 c5 2. Nf3 d6 3. d4 cxd4 4. Nxd4 Nf6 5. Nc3 a6 6. Bc4 e6 7. Bb3 b5 8. 0-0 Bb7 9. Re1 Nc6 10. Nxc6 Bxc6 11. Nd5 Bb7 12. Nf4 Qc8 13. g4 Be7 14. g5 Nxe4 15. Nd5 Nc5 16. Nxe7 Kxe7 17. Bd5 Bxd5 18. Qxd5 Qb7 19. Qd4 f6 20. Bf4 Qc6 21. c4 b4 22. Rad1 e5 23. Bd2 a5 24. Qe3 Ne6 25. f4 Qc5 26. a3 bxa3 27. bxa3 Rhb8 28. Kh1 Qxe3 29. Bxe3 Rb3 30. gxf6+ gxf6 31. f5 Ng7 32. c5 Nxf5 33. cxd6+ Nxd6 34. Bc5 Ra6 35. Rxd6 Rxd6 36. Rd1 Rbb6 37. Rd3 Ke6 38. Bxd6 Rxd6 39. Rh3 Rd7 40. Kg2 e4 41. Kf2 Ke5 42. Ke2 a4 43. Rc3 Rb7 44. Rc4 Rb2+ 45. Ke1 Kf4 46. Rxa4 f5 47. Ra5 Ke3 48. Kf1 f4 49. Re5 f3 0-1

[Event "Gibraltar Challengers-B 13th"]
[Site "Caleta"]
[Date "2015.02.01"]
[Round "2"]
[White "Algars, Olle"]
[Black "Haddock, Paul"]
[Result "1-0"]
[WhiteElo "1960"]
[BlackElo "1639"]
[PlyCount "101"]
[EventDate "2015.01.31"]
[EventType "swiss"]
[EventRounds "5"]
[EventCountry "GGB"]
[SourceTitle "CBM 164 Extra"]
[Source "ChessBase"]
[SourceDate "2015.03.02"]
[SourceVersion "1"]
[SourceVersionDate "2015.03.02"]
[SourceQuality "1"]

1. Nf3 Nf6 2. c4 g6 3. g3 Bg7 4. Bg2 0-0 5. d4 d6 6. Nc3 e5 7. 0-0 a5 8. b3 exd4 9. Nxd4 Re8 10. Bb2 Nbd7 11. Qc2 Nc5 12. Rad1 Qe7 13. Ndb5 Bf5 14. Qc1 Rad8 15. Rfe1 c6 16. Nd4 Bd7 17. Ba3 Nfe4 18. Nxe4 Nxe4 19. f3 Nc5 20. e4 Bxd4+ 21. Rxd4 Qe5 22. Red1 Bc8 23. Qd2 Ne6 24. Rxd6 Rxd6 25. Qxd6 Qc3 26. Qd2 Qxd2 27. Rxd2 Rd8 28. Rxd8+ Nxd8 29. c5 Kf8 30. Kf2 Ke7 31. Ke3 f5 32. Bf1 fxe4 33. fxe4 Nf7 34. Bb2 Be6 35. Kd4 Kd7 36. Bc3 a4 37. bxa4 Bxa2 38. Bc4 Bxc4 39. Kxc4 Ng5 40. Kd3 Nf3 41. h4 g5 42. Ke3 Nh2 43. hxg5 Ke6 44. Kf4 Nf1 45. Kg4 Nh2+ 46. Kh5 Nf3 47. Kh6 Kf7 48. Bf6 Nd2 49. Kxh7 Nxe4 50. Bd8 Nxg3 51. g6+ 1-0

[Event "Dortmund Sparkassen op-A"]
[Site "Dortmund"]
[Date "2013.07.29"]
[Round "3"]
[White "Algars, Olle"]
[Black "Biermann, Florian2"]
[Result "0-1"]
[WhiteElo "2090"]
[BlackElo "1807"]
[PlyCount "97"]
[EventDate "2013.07.27"]
[EventType "swiss"]
[EventRounds "9"]
[EventCountry "GER"]
[SourceTitle "CBM 155 Extra"]
[Source "ChessBase"]
[SourceDate "2013.08.26"]
[SourceVersion "1"]
[SourceVersionDate "2013.08.26"]
[SourceQuality "1"]

1. Nf3 d6 2. d4 Bg4 3. c4 Bxf3 4. exf3 g6 5. Qb3 b6 6. c5 Bg7 7. cxb6 axb6 8. Bc4 e6 9. d5 e5 10. 0-0 Ne7 11. f4 exf4 12. Bxf4 0-0 13. Bg5 Nd7 14. Nc3 Nf6 15. Rfe1 h6 16. Bd2 Nf5 17. Ne4 Ng4 18. Bc3 Qh4 19. h3 Ne5 20. Bb5 g5 21. Qd1 Ne7 22. f3 f5 23. Nf2 N7g6 24. Re3 Qf4 25. Qe2 Qg3 26. Nh1 Qh4 27. a3 Ne7 28. Bd7 Kh8 29. Be6 N7g6 30. Be1 Qh5 31. Ng3 Qh4 32. Nxf5 Qa4 33. Nxg7 Kxg7 34. Bc3 Kh7 35. b3 Qf4 36. a4 Qg3 37. Be1 Qf4 38. Rc1 Ra7 39. Bc3 h5 40. Re1 Kh6 41. Re4 Qf6 42. Kh1 Nf4 43. Qb2 Nfd3 44. Bxe5 dxe5 45. Qc3 Nc5 46. Rc4 e4 47. Qxf6+ Rxf6 48. Kg1 Nxb3 49. fxe4 0-1

[Event "Vienna Husek op-A"]
[Site "Vienna"]
[Date "2012.08.19"]
[Round "7"]
[White "Michalczak, Thomas"]
[Black "Algars, Olle"]
[Result "1-0"]
[WhiteElo "2364"]
[BlackElo "2094"]
[PlyCount "64"]
[EventDate "2012.08.13"]
[EventType "swiss"]
[EventRounds "7"]
[EventCountry "AUT"]
[SourceTitle "CBM 149 Extra"]
[Source "ChessBase"]
[SourceDate "2012.08.24"]
[SourceVersion "1"]
[SourceVersionDate "2012.08.24"]
[SourceQuality "1"]

1. e4 c5 2. c3 Nf6 3. e5 Nd5 4. Nf3 d6 5. d4 cxd4 6. Bc4 Nb6 7. Bb3 dxe5 8. Nxe5 e6 9. cxd4 Bb4+ 10. Nc3 Nd5 11. Qd3 Nxc3 12. bxc3 Bd6 13. Nf3 Qa5 14. 0-0 0-0 15. Ng5 Qf5 16. Qxf5 exf5 17. Re1 Bd7 18. a4 h6 19. Nf3 Nc6 20. a5 Rfe8 21. Rxe8+ Rxe8 22. Bd2 g5 23. Ba4 Re7 24. Kf1 f4 25. a6 b6 26. h3 Kf8 27. c4 Nb8 28. Bxd7 Rxd7 29. Ke2 Rc7 30. Kd3 Nc6 31. Rb1 Ke8 32. Bc3 Nb8 1-0

[Event "Vienna Husek op-A"]
[Site "Vienna"]
[Date "2012.08.13"]
[Round "1"]
[White "Shengelia, Davit"]
[Black "Algars, Olle"]
[Result "1-0"]
[WhiteElo "2545"]
[BlackElo "2094"]
[PlyCount "79"]
[EventDate "2012.08.13"]
[EventType "swiss"]
[EventRounds "7"]
[EventCountry "AUT"]
[SourceTitle "CBM 149 Extra"]
[Source "ChessBase"]
[SourceDate "2012.08.24"]
[SourceVersion "1"]
[SourceVersionDate "2012.08.24"]
[SourceQuality "1"]

1. d4 Nf6 2. c4 c5 3. d5 b5 4. Nc3 b4 5. Na4 d6 6. b3 g6 7. Bb2 Bg7 8. e4 0-0 9. Bd3 Nfd7 10. Bxg7 Kxg7 11. Nf3 f6 12. a3 Ne5 13. Nxe5 fxe5 14. axb4 cxb4 15. c5 dxc5 16. Nxc5 Qb6 17. Qc1 Bd7 18. Qe3 Kg8 19. 0-0 a5 20. Rfc1 Rc8 21. h3 Rc7 22. Rc2 Be8 23. Rac1 Nd7 24. Nxd7 Qxe3 25. fxe3 Rxd7 26. Rc8 Rd8 27. R8c7 Kf8 28. Rf1+ Bf7 29. Bc4 Rd6 30. Bb5 Rf6 31. Rfc1 Rd6 32. Bc6 Ra6 33. Rc5 Rd8 34. Rc1 Be8 35. Rf1+ Kg8 36. Bb7 Ra7 37. d6 Bf7 38. dxe7 Rda8 39. Rxf7 Kxf7 40. Bd5+ 1-0

[Event "Rilton Cup 35th"]
[Site "Stockholm"]
[Date "2005.12.27"]
[Round "1"]
[White "Algars, Olle"]
[Black "Carlsson, Pontus"]
[Result "0-1"]
[WhiteElo "2097"]
[BlackElo "2435"]
[PlyCount "75"]
[EventDate "2005.12.27"]
[EventType "swiss"]
[EventRounds "9"]
[EventCountry "SWE"]
[SourceTitle "CBM 110 Extra"]
[Source "ChessBase"]
[SourceDate "2006.03.10"]
[SourceVersion "2"]
[SourceVersionDate "2006.03.10"]
[SourceQuality "1"]

1. e4 c5 2. Nc3 Nc6 3. g3 g6 4. Bg2 Bg7 5. f4 d6 6. d3 e6 7. Nge2 Nge7 8. f5 exf5 9. Nf4 0-0 10. 0-0 fxe4 11. Bxe4 Be6 12. Bg2 Qd7 13. h3 d5 14. Kh2 b6 15. Re1 Rae8 16. g4 h6 17. Kh1 d4 18. Ne4 Nd5 19. Nxe6 Rxe6 20. Bd2 f5 21. gxf5 gxf5 22. Ng3 f4 23. Ne4 Ne5 24. Rf1 Rg6 25. Qh5 Rf5 26. Qe2 Rf7 27. Qh5 Kh7 28. Nxc5 bxc5 29. Be4 Nf6 30. Bxg6+ Nxg6 31. Qf3 Nh4 32. Qf2 Qxh3+ 33. Qh2 Qxh2+ 34. Kxh2 Nd5 35. Rae1 Ng6 36. Rf3 Ne5 37. Rh3 Ne3 38. Re2 0-1

[Event "Rilton Cup 31st"]
[Site "Stockholm"]
[Date "2001.12.27"]
[Round "1"]
[White "Algars, Olle"]
[Black "Akesson, Ralf"]
[Result "0-1"]
[WhiteElo "2130"]
[BlackElo "2437"]
[PlyCount "46"]
[EventDate "2001.12.27"]
[EventType "swiss"]
[EventRounds "9"]
[EventCountry "SWE"]
[SourceTitle "CBM 085 Extra"]
[Source "ChessBase"]
[SourceDate "2002.01.21"]
[SourceVersion "1"]
[SourceVersionDate "2002.01.21"]
[SourceQuality "1"]

1. e4 c6 2. d4 d5 3. e5 Bf5 4. Nf3 e6 5. Be2 Nd7 6. 0-0 h6 7. b3 c5 8. Bb2 Ne7 9. c4 dxc4 10. Bxc4 a6 11. a4 Nb6 12. Be2 Nc6 13. Na3 Nd5 14. Nc4 Nf4 15. Nd6+ Bxd6 16. exd6 Qxd6 17. dxc5 Qxc5 18. Rc1 Qb6 19. Bc4 Rd8 20. Qe1 Bd3 21. a5 Nxa5 22. Qe5 Nxc4 23. Qxg7 Rh7 0-1

[Event "Rilton Cup 30th"]
[Site "Stockholm"]
[Date "2000.12.27"]
[Round "1"]
[White "McShane, Luke J"]
[Black "Algars, Olle"]
[Result "1-0"]
[WhiteElo "2480"]
[BlackElo "2132"]
[PlyCount "43"]
[EventDate "2000.12.27"]
[EventType "swiss"]
[EventRounds "9"]
[EventCountry "SWE"]
[SourceTitle "CBM 079 Extra"]
[Source "ChessBase"]
[SourceDate "2001.01.11"]
[SourceVersion "2"]
[SourceVersionDate "2001.01.25"]
[SourceQuality "1"]

1. e4 c5 2. Nf3 e6 3. d4 cxd4 4. Nxd4 a6 5. Bd3 Bc5 6. Nb3 Ba7 7. N1d2 d6 8. 0-0 Nc6 9. Kh1 Nf6 10. f4 h5 11. Nf3 Ng4 12. Qe2 Qb6 13. h3 Bd7 14. a4 a5 15. Bd2 e5 16. f5 Nb4 17. Bb5 Bc6 18. c4 Nf6 19. c5 dxc5 20. Nxe5 Bxb5 21. axb5 Bb8 22. Nc4 1-0